| 000 | 00808nam a22002177a 4500 | ||
|---|---|---|---|
| 999 |
_c3672 _d3672 |
||
| 003 | AR-CdUCM | ||
| 008 | 190307b ||||| |||| 00| 0 spa d | ||
| 020 | _a968698707X | ||
| 040 |
_aMUNICIPALIDAD PROVINCIAL DEL CUSCO _cBIBLIOTECA MUNICIPAL DEL CUSCO |
||
| 082 |
_a341.7 / _bC26 |
||
| 100 |
_aCardozo Benjamin Nathan _911925 |
||
| 245 | _aLa función judicial / | ||
| 260 |
_aMexico : _bPereznieto, _c1996. |
||
| 300 |
_a94 páginas ; _c22 cm. |
||
| 505 | _aContenido: Métodos, histórico de la tradición y sociológico -- Método sociológico , el juez como legislador -- pego al presidente papel de subconsciente en la función judicial. | ||
| 650 |
_aFunción judicial. _911926 |
||
| 650 |
_aJuez. _911927 |
||
| 650 |
_aJuez y presidente. _911928 |
||
| 942 |
_2ddc _cLIBROS |
||
| 945 |
_awfj _d2019-03-07 |
||